AS Roma Squad 24/25 - Statistics

General Stats
  • This quiz has been taken 168 times
    152 since last reset
  • The average score is 17 of 22
Answer Stats
# Nation Former Club Answer % Correct
11 Ukraine Girona Artem Dovbyk
97%
21 Argentina Juventus Paulo Dybala
95%
3 Spain Leipzig Angelino
93%
5 Ivory Coast Frankfurt Evan Ndicka
91%
7 Italy Sassuolo Lorenzo Pellegrini
89%
17 France Gladbach Manu Kone
85%
23 Italy Atalanta Gianluca Mancini
83%
19 Turkey Lille Zeki Celik
82%
4 Italy Atalanta Bryan Cristante
81%
59 Poland Youth Nicola Zalewski
80%
99 Serbia Benfica Mile Svilar
78%
16 Argentina Juventus Leandro Paredes
77%
14 Uzbekistan Genoa Eldor Shomurodov
76%
92 Italy Shanghai Shenhua Stephan El Shaarawy
76%
18 Argentina Juventus Matias Soule
75%
56 Belgium Milan Alexis Saelemaekers
71%
22 Spain Atletico Madrid Mario Hermoso
71%
98 Australia AZ Matt Ryan
68%
12 Saudi Arabia Al Hilal Saud Abdulhamid
65%
35 Italy Empoli Tommaso Baldanzi
59%
28 France Stade Rennais Enzo Le Fee
53%
26 Sweden Djurgarden Samuel Dahl
51%
No matching quizzes found
Score Distribution
Percent of People with Each Score
Percentile by Number Answered
Your Score History
You have not taken this quiz since the last reset